| 000 | 01805nab a22002897a 4500 | ||
|---|---|---|---|
| 999 |
_c5647 _d5647 |
||
| 003 | OSt | ||
| 005 | 20251226213015.0 | ||
| 008 | 190603e xxum|||| |||| 00| 0 spa d | ||
| 040 | _cPJ | ||
| 100 |
_94546 _aPietra, María Luciana |
||
| 245 | 1 | 0 |
_aAlcance de la participación de niños, niñas y adolescentes en los procesos judiciales y su armonización con el interés superior y la autonomía progresiva / _cMaría Luciana Pietra. |
| 260 |
_cCiudad Autónoma de Buenos Aires : _aThomson Reuters La Ley, _b2025. |
||
| 300 | _ap. 153-162 | ||
| 500 | _aCita: TR LALEY AR/DOC/1059/2025 Publicado en: RCCyC 2025 (junio). | ||
| 505 | _aSumario: I. Encuadre fáctico del caso.— II. Participación de los niños, niñas y adolescentes en los procesos judiciales.— III. Armonización entre el ejercicio de la responsabilidad parental y el principio de la autonomía progresiva.— IV. Autorización para viajar. Elección del lugar de residencia.— V. El derecho de niños, niñas y adolescentes a gozar de patrocinio letrado.— VI. Consideraciones finales. | ||
| 505 | _aFallo comentado: JFamilia 2a Nom., Córdoba ~ 20/12/2024 ~ T. F., T. c. T., A. J. s/ medidas provisionales personales - ley 10.305. | ||
| 505 | _t¿Te interesa el texto completo? Solicitalo al correo: koha@justierradelfuego.gov.ar | ||
| 650 | 0 |
_91497 _aCODIGO CIVIL Y COMERCIAL |
|
| 650 | 0 |
_9967 _aDERECHO DE FAMILIA |
|
| 650 | 0 |
_95662 _aADOLESCENTES |
|
| 650 | 0 |
_92741 _aDERECHOS DE LAS NIÑAS, NIÑOS Y ADOLESCENTES |
|
| 650 | 0 |
_94097 _aINTERES SUPERIOR DEL NIÑO |
|
| 650 | 0 |
_94378 _aDERECHO A SER OÍDO |
|
| 650 | 0 |
_91015 _aRESPONSABILIDAD PARENTAL |
|
| 773 | 0 |
_02713 _93170 _dCiudad Autónoma de Buenos Aires : Thomson Reuters La Ley, 2015- _tRevista Código Civil y Comercial. Nº 3 - Junio 2025 |
|
| 942 |
_2udc _cANA |
||